Personnages de Beastars - Statistiques

Statistiques générales
  • Ce quiz a été pris 111 fois
  • Le résultat moyen est 13 sur 30
Statistiques - réponses
Hint Réponse % Correct
Loup gris Legoshi
100%
Golden retriever, ami d'enfance de Legoshi Legoshi
100%
Lapine naine blanche Haru
96%
Cerf anciennement membre du club de théâtre, ami de Legoshi Louis
92%
Louve semblant apprécier Legoshi Juno
80%
Tué par un carnivore de l'école Tem
78%
Tigre du club de théâtre Bill
72%
Panda aux gros bras Gohin
55%
Hybride gazelle/léopard Melon
50%
Fourmilier, membre du club de théâtre Kibi
47%
Mouflon mâle, comédien du club de théâtre populaire auprès des filles de l'école Pina
43%
Grand-père de Legoshi Gosha
41%
Grand Beastar Yahya
41%
Meurtier de Tem Rizu
38%
Lion à lunettes du gang des lions Ibuki
37%
Gardienne de l'institut Cherryton Rokume/Six yeux
29%
Aigle, membre du club de théâtre Aoba
28%
Poule pondeuse, voisine de classe de Legoshi Legom
28%
Voisine de Legoshi Seven
28%
A arraché le bras de Kibi Tao
28%
Chèvre angora, aimée par Tem avant qu'il ne décède Els
25%
Phoque tacheté, ami de Legoshi Sagwan
24%
Danseuse du club de theâtre, anciennement dominatrice dans un club BDSM Sheila
22%
Mère de Legoshi Leano
16%
Fennec, membre de la chambre 701 Boss
14%
Chèvre du club de théâtre, Louis s'est cassé la jambe en l'empêchant de chuter Zoe
14%
Coyote, membre de la chambre 701 Durham
13%
Mangouste du club de théâtre, viré de la troupe des comédiens par Louis Kai
13%
Hyène tachetée, membre de la chambre 701 Miguno
12%
Berger anglais, membre de la chambre 701 Kolo
9%
Aucun quiz correspondant
Distribution des résultats
% des personnes avec chaque résultat
Percentile par nombre de réponses
Votre historique - résultats
Vous n’avez pas pris ce quiz